| 000 -LEADER |
| fixed length control field |
00640cam a2200181 a 4500 |
| 020 ## - INTERNATIONAL STANDARD BOOK NUMBER |
| ISBN |
2855397839 |
| 040 ## - CATALOGING SOURCE |
| Transcribing agency |
OUN |
| 082 00 - DEWEY DECIMAL CLASSIFICATION NUMBER |
| Classification number |
304 PRE 1997 A068 Co. |
| 100 1# - MAIN ENTRY--AUTHOR NAME |
| Personal name |
Martin, Marie Alexandrine, |
| 245 14 - TITLE STATEMENT |
| Title |
Les Khmers Daeum, "Khmers de l'origine" : |
| Remainder of title |
société montagnarde et exploitation de la forêt : de l'écologie à l'histoire / |
| 260 ## - PUBLICATION, DISTRIBUTION, ETC. (IMPRINT) |
| Place of publication |
Paris : |
| Name of publisher |
Presses de l'Ecole française d'Extrême-Orient, |
| Year of publication |
c1997. |
| 300 ## - PHYSICAL DESCRIPTION |
| Number of Pages |
514 p., [48] p. of plates : |
| Other physical details |
ill., maps ; |
| Dimensions |
24 cm. |
| 490 1# - SERIES STATEMENT |
| Series statement |
Collection Monographies ; |
| 650 #0 - SUBJECT ADDED ENTRY--TOPICAL TERM |
| Topical Term |
Khmers |
| 650 #0 - SUBJECT ADDED ENTRY--TOPICAL TERM |
| Topical Term |
Human ecology |
| 710 2# - ADDED ENTRY--CORPORATE NAME |
| Corporate name or jurisdiction name as entry element |
Ecole française d'Extrême-Orient. |
| 942 ## - ADDED ENTRY ELEMENTS (KOHA) |
| Koha item type |
សៀវភៅភាសាបារាំង |
| 952 ## - LOCATION AND ITEM INFORMATION (KOHA) |
| Withdrawn status [LOCAL, KOHA] |
0 |